Statistics for All Liverpool Players To Score This Season

Click here to take the quiz!

General Stats

  • This quiz has been taken 33 times
  • The average score is 11 of 14

Answer Stats

Nationality# Of GoalsAnswer% Correct
Egypt29Mohamed Salah
100%
Netherlands7Cody Gakpo
97%
Uruguay14Darwin Nunez
97%
Portugal7Diogo Jota
97%
Brazil13Roberto Firmino
97%
England4Trent Alexander-Arnold
97%
Netherlands3Virgil Van Dijk
97%
Cameroon2Joel Matip
90%
Colombia5Luis Diaz
90%
England5Harvey Elliot
71%
Portugal3Fabio Carvalho
68%
England3Curtis Jones
65%
Spain1Stefan Bajcetic
45%
England1Alex Oxlade-Chamberlain
39%

Score Distribution

Percentile by Number Answered

Percent of People with Each Score

Your Score History

You have not taken this quiz